| 000 | 02385cam a22005174i 4500 | ||
|---|---|---|---|
| 003 | PE-LiUPU | ||
| 005 | 20250731165603.0 | ||
| 008 | 150625s r 000 0 d | ||
| 020 | _a9685610339 | ||
| 035 | _a(Sirsi) i9789685610339 | ||
| 040 |
_aPE-LiUPU _bspa _cPE-LiUPU _erda |
||
| 049 | _aPRUA | ||
| 082 | 0 | 4 |
_a001.4 _bP43 _221 |
| 100 | 1 |
_aPeñarrieta De Córdoba, Isabel , _eautor. |
|
| 245 | 1 | 0 |
_aIntroducción a la investigación cualitativa / _cIsabel Peñarrieta de Córdoba. |
| 264 | 1 |
_aMéxico : _bEditores de Textos Méxicano , _c2005. |
|
| 300 |
_a90 páginas : _bilustraciones, esquemas ; _c2005 |
||
| 336 |
_atext _2rdacontent |
||
| 337 |
_aunmediated _2rdamedia |
||
| 338 |
_avolume _2rdacarrier |
||
| 504 | _aIncluye bibliografía. | ||
| 505 | 0 | _aPrincipales paradigmas y estrategias en un abordaje cualitativo. -Paradigmas en investigaciones cualitativas. -Estrategias en investigación caulitativas. -Estragias etnográficas. -Investigación etnográfica aplicada a la antropología médica. -Consideraciones metodológicas generales: Construcción del marco canceptual. -Muestras en investigaciones cuaitativas. -Validez y generalización de resultados: "la tringulación" . -Recolección de información. -Administración de los datos y métodos de análisis. | |
| 526 | _aSEG44 | ||
| 526 | _aSEG26 | ||
| 526 | _aP151 | ||
| 526 | _aP150 | ||
| 526 | _aP149 | ||
| 526 | _aP146 | ||
| 526 | _aP145 | ||
| 526 | _aP126 | ||
| 526 | _aP125 | ||
| 526 | _aP92 | ||
| 526 | _aP75 | ||
| 526 | _aP74 | ||
| 526 | _aP27 | ||
| 526 | _aP15 | ||
| 541 | _g3838; | ||
| 650 | 0 | 4 |
_aCiencia _xMetodología. |
| 650 | 0 | 4 |
_aInvestigación _xMetodología. |
| 650 | 0 | 4 |
_aInvestigación _xTécnica. |
| 942 |
_2ddc _cBOOK |
||
| 949 |
_aPGS 001.4 P43 _wDEWEY _c1 _i59210 _d2015-10-20 _e2015-8-28 _lCCODEBUL1 _mBUL _n1 _p27.00 _r0 _sY _tBOOK _u2015-6-25 _xSALUD _PP82 _0COMPRA _o.CIRCNOTE. No olvidar cambiar la fecha de devolución!!!!!!! _o.STAFF. Colección General |
||
| 994 |
_aC0 _bPEPRU |
||
| 596 | _a1 | ||
| 999 |
_aPGS 001.4 P43 _wDEWEY _c48015 _i59210 _d48015 _e2015-8-28 _f2021-11-4 _g5 _lCCODEBUL1 _mBUL _n1 _p27.00 _q2 _r0 _sY _tBOOK _u2015-6-25 _xBIBLIOTECA _PP82 _0COMPRA _o.CIRCNOTE. No olvidar cambiar la fecha de devolución!!!!!!! _o.STAFF. Colección General |
||
| 980 |
_81 _gALBERTO SANCHEZ Responsable de Automatización |
||